Možnosti využitia obnoviteľných zdrojov energie bakalárska práca

Gespeichert in:
Bibliographische Detailangaben
1. Verfasser: Kmečová, Dominika
Körperschaft: Podnikovohospodárska fakulta EU so sídlom v Košiciach. Katedra manažmentu
Weitere Verfasser: Bosák, Martin, 1967-
Format: Buch
Sprache:Slowakisch
Veröffentlicht: Košice 2020
Tags: Tag hinzufügen
Keine Tags, Fügen Sie das erste Tag hinzu!

MARC

LEADER 00000nbm a2200000 4500
001 0265380
005 20210421111859.6
041 0 |a slo 
044 |a SK 
245 1 0 |a Možnosti využitia obnoviteľných zdrojov energie  |b bakalárska práca  |c Dominika Kmečová ; školiteľ: Martin Bosák 
264 1 |a Košice  |c 2020 
300 |a 54 s. 
100 1 |a Kmečová, Dominika 
700 1 |a Bosák, Martin, 1967- 
710 2 |a Podnikovohospodárska fakulta EU so sídlom v Košiciach. Katedra manažmentu